Statystyki dla Najwyższe szczyty pojedynczych pasm górskich Sudetów

Kliknij tutaj aby rozwiązać quiz!

Ogólne statystyki

  • Ten quiz został rozwiązany 41 razy
  • Średni wynik to 10 z 22

Statystyki odpowiedzi

PasmoWysokośćSzczyt% Poprawnych
Karkonosze1603mŚnieżka
100%
Masyw Śnieżnika1426mŚnieżnik
93%
Góry Stołowe919mSzczeliniec Wielki
89%
Masyw Ślęży718mŚlęża
79%
Góry Sowie1015mWielka Sowa
79%
Góry Izerskie1126mWysoka Kopa
61%
Góry Kamienne936mWaligóra
54%
Rudawy Janowickie945mSkalnik
50%
Góry Bystrzyckie977mJagodna
46%
Góry Kaczawskie724mSkopiec
46%
Góry Wałbrzyskie853mBorowa
43%
Wysoki Jesionik1491mPradziad
43%
Góry Bardzkie765mSzeroka Góra
39%
Góry Złote1127mSmrek
29%
Góry Orlickie1115mVelka Destna
25%
Góry Łużyckie793mLuz
21%
Niski Jesionik800mSlunecna
21%
Góry Opawskie975mGóra Poprzeczna
18%
Hanusovicka Vrchovina1003mJerab
18%
Grzbiet Jesztedzko-Kozakowski1012mJeszted
18%
Góry Jastrzębie739mZaltman
18%
Zabrezska Vrchovina714mLazek
14%

Rozkład punktacji

Percentyl według liczby udzielonych odpowiedzi

Procent ludzi z każdym wynikiem

Twoja historia wyników

Nie rozwiązałeś tego quizu